000 00716nam a2200181Ia 4500
003 GCL
008 140319s9999 xx 000 0 ara d
040 _aGCL /
_cGCL
082 0 4 _aط
_b870
_bا ا
100 1 _aاحمد عثمان
245 1 0 _aالادب اللاتينى ودورة الحضارى حتى نهاية العصر الذهبى( عالم المعرفة 141 ) /
_cاحمد عثمان
260 _aالكويت :
_bالمجلس الوطنى للثقافة والفنون والاداب ،
_c1989
300 _a320 ص ؛
_c20 سم
490 _aعالم المعرفة
_v141
650 0 4 _aالادب اللاتينى
650 0 4 _aالادب اللاتينى - تاريخ ونقد
942 _2ddc
_cBK
999 _c51503
_d51503